Sgt. Pepper's Tracklist - Statistics

General Stats
  • This quiz has been taken 142 times
  • The average score is 10 of 13
Answer Stats
% Correct
Sgt. Pepper's Lonely Hearts Club Band
97%
A Day in the Life
92%
Lucy in the Sky with Diamonds
88%
With a Little Help from My Friends
87%
Lovely Rita
80%
Fixing a Hole
78%
When I'm Sixty-Four
77%
Within You Without You
75%
She's Leaving Home
74%
Being for the Benefit of Mr. Kite!
70%
Getting Better
69%
Good Morning Good Morning
60%
Sgt. Pepper's Lonely Hearts Club Band (Reprise)
50%
No matching quizzes found
Score Distribution
Percent of People with Each Score
Percentile by Number Answered
Your Score History
You have not taken this quiz